| 000 | 02961cam a2200565Mi 4500 | ||
|---|---|---|---|
| 003 | PE-LiUPU | ||
| 005 | 20250731172847.0 | ||
| 008 | 131113s2013 xxk b 001 0 eng | ||
| 020 |
_a1409470350 _q(hardcover, alk. paper) |
||
| 020 |
_a1409470369 _q(pbk., alk. paper) _z9781409470373 |
||
| 020 |
_a1409470377 _q(PDF ebook) |
||
| 020 |
_a1409470385 _q(ePub ebook) |
||
| 020 |
_a9781409470359 _q(hardcover, alk. paper) |
||
| 020 |
_a9781409470366 _q(pbk., alk. paper) |
||
| 020 |
_a9781409470373 _q(PDF ebook) |
||
| 020 |
_a9781409470380 _q(ePub ebook) |
||
| 035 | _a(Sirsi) i9781409470359 | ||
| 040 |
_aBDF _bspa _encafnor _cBDF _dOCLCQ _dPE-LiUPU |
||
| 049 | _aPRUA | ||
| 082 | 0 | 4 |
_a283 _bP43 _223 |
| 100 | 1 |
_aPercy, Martyn, _eautor. |
|
| 245 | 1 | 0 |
_aAnglicanism : _bConfidence, committment and communion / _cMartyn Percy, Ripon College Cuddesdon, UK. |
| 300 |
_axiii, 225 páginas ; _c24 centímetros. |
||
| 504 | _aBibliografía : páginas 209-217. | ||
| 504 | _aÍndices : páginas 219-225. | ||
| 505 | 1 | _aContexts, challenges and the church -- Confidence in formation -- A flight of starlings: Cuddesdon and the forming of Anglicanism -- Sacred sagacity: formation and training for ministry -- Yeast and salt: ministerial formation for rural contexts -- Pitching tents: formational sketches on sacred space -- Commitment and mission. Many rooms in my Father's house: the parish church -- Mind the gap: mission, youth and generational change -- Opportunity knocks: church, nationhood and establishment -- Old tricks for new dogs: a critique of fresh expressions -- Communion and polity -- Herding cats: leadership in the Church of England -- Context and Catholicity: an Anglican-American dilemma? -- Know surrender: from Ulster to Windsor -- After Lambeth: plotting the future -- The nature of the body and the blessing of leadership. | |
| 526 | _aSEG42 | ||
| 526 | _aSEG41 | ||
| 526 | _aSEG40 | ||
| 526 | _aSEG39 | ||
| 526 | _aP94 | ||
| 526 | _aP87 | ||
| 526 | _aP86 | ||
| 526 | _aP85 | ||
| 526 | _aP77 | ||
| 526 | _aP76 | ||
| 526 | _aP35 | ||
| 650 | 1 | 4 | _aComunión anglicana. |
| 856 | 4 | 2 |
_3Notice et cote du catalogue de la Bibliothèque nationale de France _uhttp://catalogue.bnf.fr/ark:/12148/cb436357658 |
| 910 |
_jck _bhop _chop _d20160602 |
||
| 942 |
_2ddc _cBOOK |
||
| 949 |
_a283 P43 _wDEWEY _c1 _i73242 _lCCODEBUL1 _mBUL _p24.98 _r0 _sY _tBOOK _u2016-5-30 _xTEOLOGIA _PP85 _0COMPRA _o.STAFF. Posgrado |
||
| 994 |
_aC0 _bPEPRU |
||
| 856 | 4 | 2 |
_3Notice et cote du catalogue de la Bibliothèque nationale de France _uhttp://catalogue.bnf.fr/ark:/12148/cb436357658 |
| 596 | _a1 | ||
| 999 |
_a283 P43 _wDEWEY _c9708 _i73242 _f2021-11-11 _g5 _lCCODEBUL1 _mBUL _p24.98 _r0 _sY _tBOOK _u2016-5-30 _xTEOLOGIA _PP85 _0COMPRA _o.STAFF. Posgrado Teología _d9708 |
||
| 264 |
_aFarnham ; _bAshgate, _c2013. |
||
| 264 |
_aBurlington : _bAshgate, _c2013. |
||
| 980 |
_81 _gALBERTO SANCHEZ Responsable de Automatización |
||